000 00796nam a2200277Ia 4500
001 Para_6492
003 CHAP
008 220125s1963 xx 000 0 und d
010 _a205350
040 _cCHAP
090 _aPA FOLLETO 500
100 _aBerger, R.S.
_9171374
245 _aLaboratory techniques for rearing heliothis species on artificial medium /
_c by R.S. Berger
260 _aEUA :
_b Department of Agriculture
300 _a4 h.
440 _aAgricultural Research Service ARS-33-84
_9171375
650 _aHeliothis virescens
_953440
650 _aTabaco
_x plagas
_9111234
901 _aPA FOLLETO 500
902 _aA
905 _a0000001963 0000000000 00
910 _a1963
942 _cPARA
942 _cPARA
_d1
999 _c205350
_d205350